Geometric Greece

Saved in:
Bibliographic Details
Main Author: Coldstream, J. N. (John Nicolas), 1927-2008
Format: Book
Language:English
Published: London : Methuen, c1977.
Subjects:
Tags: Add Tag
No Tags, Be the first to tag this record!

MARC

LEADER 00000cam a2200000 i 4500
001 1/48466
008 961220s1977 enk| ||| |||| ||eng||
020 |a 0416728405 
035 |l 10026675 
040 |a GR-MyUA  |b gre  |e AACR2 
041 0 |a eng 
082 7 |a 938.01   |2 (22) 
100 1 |a Coldstream, J. N.   |q (John Nicolas),   |d 1927-2008. 
245 1 0 |a Geometric Greece /   |c J.N. Coldstream.  
260 |a London :   |b Methuen,   |c c1977.  
300 |a 405 σ. ;   |c 25 εκ.  
504 |a Περιέχει βιβλιογραφικές αναφορές και ευρετήριο.  
651 0 |a Greece  |x Civilization  |y To 146 B.C. 
651 0 |a Greece  |x Antiquities. 
651 0 |a Greece  |x History  |y Geometric period, ca. 900-700 B.C. 
767 0 8 |i Μεταφρασμένο ως:   |t Γεωμετρική Ελλάδα /  
852 |a INST  |b CHIOS  |e 19961220  |h 938.01 COL  |p 005200011451  |q 005200011451  |t BK  |y 0